00551nam a2200193 a 4500001001300000003000900013005001700022008004100039020002300080082002000103100001700123245006300140260005000203300000900253500003500262505001800297650002500315700001700340nice12345678IN_TiNIC20260116014032.0090325s2006 cama grp 000 0 eng  a9780521898799c59500a306.850954bGHO aGhosh, Durba aSex and the Family in Colonial India; the Making of Empire aCambridge bCambridge University Press c2006 a277p aincludes index and biblioraphy2 abiblio, index aFamily-India-history1 aGhosh, Durba